Normal view
MARC view
Entry Topical Term
001 - CONTROL NUMBER
- control field: 729981
003 - CONTROL NUMBER IDENTIFIER
- control field: OSt
005 - DATE AND TIME OF LATEST TRANSACTION
- control field: 20250108124846.0
008 - FIXED-LENGTH DATA ELEMENTS
- fixed length control field: 250108|| aca||aabn | a|a d
040 ## - CATALOGING SOURCE
- Original cataloging agency: OSt
- Transcribing agency: OSt
150 ## - HEADING--TOPICAL TERM
- Topical term or geographic name entry element: हिन्दी साहित्यहिन्दी नाटक
670 ## - SOURCE DATA FOUND
- Source citation: Work cat.: (OSt)1234852: वजाहत, असग़र, ले., जिस लाहौर नइ देख्या ओ जम्याइ नइ, 2464
